000 00345 a2200157 4500
001 194658
020 _a978-85-260-1404-6
040 _cMagnum
100 _aSilva, João Carlos Marinho
240 1 0 _aO gênio do crime
_lpor
245 1 0 _aO gênio do crime
300 _a139
362 0 _a2009
697 _aLITERATURA JUVENIL
942 _cBK
999 _c194658
_d194658